| 000 | 00880nam a22002177a 4500 | ||
|---|---|---|---|
| 001 | 8653 | ||
| 003 | FISKH | ||
| 005 | 20251008103605.0 | ||
| 008 | 251008b cb ||||| |||| 00| 0 eng d | ||
| 020 | _a9780755499922 | ||
| 040 |
_aFISKH _beng _cFISKH _dFISKH |
||
| 082 | _a224.92 | ||
| 100 | _aParade, North | ||
| 245 |
_aJonah and the whale : _bBible story sound book / |
||
| 260 |
_aUnited Kingdom : _bNorth Parade, _c2013. |
||
| 300 |
_a12 unnumbered pages : _bcolor illustrations ; _c29 cm |
||
| 520 | _aPICTURE STORYBOOKS. Follow the story of forgiveness in Jonah and the Whale. Discover how and why Jonah is rescued from a terrible storm at sea by a giant whale. This book is a simple and dramatic retelling for young children of the favourite Old Testament story. | ||
| 650 |
_aBible Stories _vChildren's literature _xForgiveness |
||
| 942 |
_2ddc _cBK _n0 |
||
| 999 |
_c8653 _d8653 |
||